| 000 | 00786 a2200145 4500 | ||
|---|---|---|---|
| 003 | Nust | ||
| 005 | 20170207154008.0 | ||
| 040 | _cNust | ||
| 100 | _aJody Bleyle, Mary Burger, Louis Dobrozensky, Stephanie Gowin, Marcelle Taylor, and Judy Walthers Von Alten | ||
| 245 |
_amacromedia® Using Flash FLASH™5 (E-Book) _cJody Bleyle, Mary Burger, Louis Dobrozensky, Stephanie Gowin, Marcelle Taylor, and Judy Walthers Von Alten |
||
| 250 | _aFirst Edition | ||
| 260 | _b© 2000 | ||
| 300 | _a380 P; | ||
| 505 | _aTutorial - Flash Basics - Drawing - Working With Color - Using Imported Artwork - Adding Sound - Working With Objects - Using Layers - Using Type - Using Symbols And Instances - Creating Animation - Creating Interactive Movies - Creating Printable Movies - Publishing And Exporting | ||
| 651 | _a(E-Book) | ||
| 999 |
_c191062 _d191062 |
||